Statistics for City Decoder #3

Click here to take the quiz!

General Stats

  • This quiz has been taken 112 times
  • The average score is 23 of 44

Answer Stats

HintCity% Correct
P"City of Lights"Paris
88%
OLocation of Disney WorldOrlando
84%
WCOVID-19 pandemic started hereWuhan
84%
SBiggest urban area in ScandinaviaStockholm
81%
LEurope's biggest city on an islandLondon
77%
OBiggest coastal Ukrainian cityOdessa
76%
AGhanaian capitalAccra
73%
TCapital of Republic of ChinaTaipei
72%
BMain city of New EnglandBoston
72%
ABelgian city known for it
diamond industry
Antwerp
69%
SWas known as "Leningrad"
during the Soviet era
Saint
Petersburg
68%
CBiggest Kiwi city in South IslandChristchurch
68%
JBiggest city on the most populous
island in the world
Jakarta
68%
OKyoto and Kobe are in its metroOsaka
67%
RBiggest city in ArabiaRiyadh
61%
ACapital on the Paraguay RiverAsunción
55%
SWorld's busiest container portShanghai
54%
BKrung Thep Maha NakhonBangkok
53%
IWinter Olympics host in AustriaInnsbruck
52%
BSouth Korea's main portBusan
51%
ABiggest city in northern SyriaAleppo
50%
BBiggest city by the Caspian SeaBaku
49%
ABiggest capital by MediterraneanAlgiers
49%
LBiggest Portuguese-speaking
capital city in the world
Luanda
46%
HMajor Pakistani or Indian cityHyderabad
46%
EGerman for "food" or "to eat"Essen
46%
UCapital of China's Uyghur regionUrumqi
45%
City #1Sevastopol
45%
AThe true "Venice of the North"Amsterdam
45%
AHeadquarters of the African UnionAddis Ababa
44%
MBiggest city in Amazon rainforestManaus
44%
GSeat of HamasGaza
42%
HCapital of Solomon IslandsHoniara
41%
NRussian for "New Siberia"Novosibirsk
41%
VHoliest city on the GangesVaranasi
37%
ASite of Gandhi's "Salt March"Ahmedabad
32%
UFourth-biggest Swedish cityUppsala
32%
City #4Lubumbashi
31%
City #2Cochabamba
28%
CLargest city by the Barrier ReefCairns
28%
MBiggest city in SumatraMedan
24%
UBirthplace of Albert EinsteinUlm
24%
City #3Gujranwala
19%
LSpanish for "The Meadows"Las Vegas
17%

Score Distribution

Percentile by Number Answered

Percent of People with Each Score

Your Score History

You have not taken this quiz